000
00254nam a22001097a 4500
008
160520b xxu||||| |||| 00| 0 eng d
020
_a
0673522237
041
_a
eng
080
_a
77
245
_a
Photography:
_c
Barbara London; John Upton;
942
_2
udc
_c
BK
999
_c
2308
_d
2308